000 00256nam a2200097Ia 4500
082 _aTSO JF AHIT
245 0 _aA hi tlangeni [Tsonga]
100 _a Moore, Heather Cape Town, 2003
_924026
942 _cBK
008 210816s9999 xx 000 0 und d
999 _c141985
_d141984